Thiết kế và xây dựng mặt đường sân bay
Cuốn sách giới thiệu về sân bay và các thành phần chính của sân bay; mặt đường và các yêu cầu đối với mặt đường sân bay; cách thiết kế mặt đường mềm sân bay; thiết kế mặt đường cứng sân bay; về công tác làm đất và thoát nước...
Wedi'i Gadw mewn:
| Prif Awdur: | |
|---|---|
| Fformat: | Llyfr |
| Iaith: | Undetermined |
| Cyhoeddwyd: |
Hà Nội
Xây dựng
2005
|
| Pynciau: | |
| Tagiau: |
Ychwanegu Tag
Dim Tagiau, Byddwch y cyntaf i dagio'r cofnod hwn!
|
| Thư viện lưu trữ: | Trung tâm Học liệu Trường Đại học Cần Thơ |
|---|
| LEADER | 01096nam a2200205Ia 4500 | ||
|---|---|---|---|
| 001 | CTU_132112 | ||
| 008 | 210402s9999 xx 000 0 und d | ||
| 020 | |c 38000 | ||
| 082 | |a 625.7 | ||
| 082 | |b Ch309 | ||
| 100 | |a Nguyễn, Quang Chiêu | ||
| 245 | 0 | |a Thiết kế và xây dựng mặt đường sân bay | |
| 245 | 0 | |c Nguyễn Quang Chiêu | |
| 260 | |a Hà Nội | ||
| 260 | |b Xây dựng | ||
| 260 | |c 2005 | ||
| 520 | |a Cuốn sách giới thiệu về sân bay và các thành phần chính của sân bay; mặt đường và các yêu cầu đối với mặt đường sân bay; cách thiết kế mặt đường mềm sân bay; thiết kế mặt đường cứng sân bay; về công tác làm đất và thoát nước sân bay; xây dựng mặt đường sân bay. | ||
| 650 | |a Civil engineering,Roads,Xây dựng cầu đường,Kỹ thuật cầu đường | ||
| 904 | |i Hạ Nguyên | ||
| 980 | |a Trung tâm Học liệu Trường Đại học Cần Thơ | ||